Normal view MARC view

Entry Nombre geográfico

Number of records used in: 1

001 - NÚMERO DE CONTROL

  • campo de control: 187407

003 - IDENTIFICADOR DE NÚMERO DE CONTROL

  • campo de control: mxcmmo

005 - FECHA Y HORA DE LA ÚLTIMA TRANSACCIÓN

  • campo de control: 20241018061539.0

008 - ELEMENTOS DE DATO DE LONGITUD-FIJA

  • campo de control de longitud fija: 241018|| aca||aabn | a|a d

040 ## - FUENTE DE CATALOGACIÓN

  • Centro catalogador/agencia de origen: mxcmmo
  • Centro/agencia transcriptor: mxcmmo

151 ## - ENCABEZAMIENTO--NOMBRE GEOGRÁFICO

  • Nombre geográfico: Madrid (España)
  • Subdivisión general: Descripción y viajes
  • Subdivisión cronológica: 1939-1975
  • Subdivisión general: Grabados, ilustraciones, etc

670 ## - FUENTE DE DATOS ENCONTRADOS

  • Cita de la fuente: Work cat.: (mxcmmo)104777: Asamblea Cervantina de la Lengua Española (1947 : Madrid, España 187406, Primer periódo de sesiones de la Asamblea Cervantina de la Lengua Española